| 000 | 00000nas##2200000za#4500 |
|---|---|
| 001 | 9.514178 |
| 003 | CaOODSP |
| 005 | 20200325124934 |
| 007 | ta |
| 008 | 150406c1999||||xxc|| p #||||f| |0eng|d |
| 022 | |a1206-0062 |
| 040 | |aCaOODSP|beng |
| 043 | |an-cn--- |
| 086 | 1 |aC12-20-1E |
| 110 | 1 |aCanada. |bIndustry Canada. |
| 245 | 10|aSchoolNet off-line / |cPublished by Industry Canada/SchoolNet and Quandrant Educational Media Services Inc. |
| 260 | |aToronto - Ontario : |bIndustry Canada |
| 310 | |aQuarterly |
| 563 | |aSoftcover |
| 776 | 0#|tSchoolNet off-line : |w(CaOODSP)9.504362 |